000 00437nam a2200181Ia 4500
008 240925s9999 xx 000 0 und d
020 _aNA
082 _a297.2 RAH
100 _aAfzal, rehman
245 0 _aSubject Index of Quran
250 _a4th
260 _aLahore:
_bIslamic Publication
_c,1996.
300 _a303p.
_bNA
_fOriginal
500 _aNA
600 _aHumanities & Natural Science
650 _aReligion
942 _cBK
999 _c6163
_d6163